Problems & Solutions Of Engineering Electromagnetics (Record no. 17997)

MARC details
000 -LEADER
fixed length control field 00400nam a2200145Ia 4500
008 - FIXED-LENGTH DATA ELEMENTS--GENERAL INFORMATION
fixed length control field 221030s9999 xx 000 0 und d
020 ## - INTERNATIONAL STANDARD BOOK NUMBER
ISBN 8123905599
041 ## - LANGUAGE CODE
Language code of text/sound track or separate title
100 ## - MAIN ENTRY--AUTHOR NAME
Personal name Experienced Teachers
245 #0 - TITLE STATEMENT
Title Problems & Solutions Of Engineering Electromagnetics
Statement of responsibility, etc by Experienced Teachers
260 ## - PUBLICATION, DISTRIBUTION, ETC. (IMPRINT)
Name of publisher CBS Pub.
Place of publication New Delhi
Year of publication 2002
300 ## - PHYSICAL DESCRIPTION
Number of Pages 543
650 ## - SUBJECT ADDED ENTRY--TOPICAL TERM
Topical Term BB Mechanics
942 ## - ADDED ENTRY ELEMENTS (KOHA)
Koha item type Books
Holdings
Accession Number Cost, normal purchase price Source of acquisition Price effective from Koha item type Withdrawn / writtenoff status Materials specified (bound volume or other part) Damaged status Not for loan Permanent Location Current Location Shelving location Date acquired Lost/ Missing status department
BB 891 150.00 Donated by Dr. Ankita Nanda ( Asstt. Prof. MBA Deptt. ) 10/30/2022 Books   Print     MIET Library, Jammu MIET Library, Jammu BL-Aacdemic Block B, FL-2, CUP-101, SH-2, R-2 12/12/2018   BB